Un rapport ou pas ? (mort subite) - Statistiques

Statistiques générales
  • Ce quiz a été pris 187 fois
  • Le résultat moyen est 7 sur 23
Answers on the Grid
Answers color-coded by a green-red scale on the quiz's grid according to % correct below.
Dua Lupa
Onu
Benelux
Reggae
Dalmatien
Poncho
Danube
La Petite Sirène
Aztèques
Mer Baltique
Maine Coon
Forêt Noire
Algarve
Baie d'Along
Edam
Armée de terre cuite
Lanzarote
Leu
K-Pop
Laponie
World Music Awards
Sultan
Nan
Mont Olympe
Viking
Guadalcanal
Carpates
Désert de Gobi
Pise
Kmer
Château du Haut-Koenigsbourg
Ottoman
Perestroïka
Taoïsme
My Left Foot
Aérobic
Lac Majeur
Silésie
Anatolie
Portobello Road
charlize théron
Zanzibar
Colombie-britannique
Aconcagua
Parasite (film)
Patagonie
 
Statistiques - réponses
Réponse % Correct
Benelux
61%
Danube
57%
Viking
54%
Pise
50%
Mont Olympe
48%
Dua Lupa
47%
Forêt Noire
46%
La Petite Sirène
44%
Laponie
44%
Château du Haut-Koenigsbourg
42%
Mer Baltique
41%
Dalmatien
30%
Edam
26%
Carpates
23%
Lanzarote
23%
Algarve
20%
Lac Majeur
17%
Perestroïka
16%
Leu
11%
Silésie
9%
World Music Awards
6%
My Left Foot
5%
Portobello Road
4%
Aucun quiz correspondant
Distribution des résultats
% des personnes avec chaque résultat
Percentile par nombre de réponses
Votre historique - résultats
Vous n’avez pas pris ce quiz